=LDR 00000nam 2200000 4500 =001 INLIS000000000047160 =005 20150826152950.0 =006 =007 =008 =035 ##$$0010-081500000000074 =082 ##$$a f.rom k =090 ##$$a f rom k men m 3 =100 ##$$a zakyyatul =245 ##$$a mengapa senut berpinggang semut =260 ##$$a nuansa =300 ##$$a hln 112 =850 ##$$a NPBMAT =990 ##$$a 0001/BPAP-NTB/2015 =990 ##$$a 0001/BPAP-NTB/2015